|
|
|
|
| LEADER |
01857nam a2200337 a 4500 |
| 001 |
35704 |
| 003 |
BD-DhAAL |
| 005 |
20211129155343.0 |
| 008 |
190923t2004 enka b 001 0 eng |
| 999 |
|
|
|c 41356
|d 41356
|
| 010 |
|
|
|a 2002115857
|
| 020 |
|
|
|a 0761941649 (pbk.)
|
| 020 |
|
|
|a 0761941630
|
| 020 |
|
|
|a 9780761941644
|
| 040 |
|
|
|a DLC
|c DLC
|d DLC
|d BD-DhAAL
|
| 043 |
|
|
|a e-uk---
|
| 050 |
0 |
0 |
|a LB1631
|b .P54 2004
|
| 082 |
0 |
0 |
|a 428.00712
|2 22
|
| 100 |
1 |
|
|a Pike, Mark A.
|9 35083
|
| 245 |
1 |
0 |
|a Teaching secondary English /
|c Mark A. Pike.
|
| 260 |
|
|
|a London :
|b P. Chapman Pub. ;
|a Thousand Oaks, Calif. :
|b Sage Publications,
|c 2004.
|
| 300 |
|
|
|a x, 198 pages :
|b illustrations ;
|c 24 cm.
|
| 504 |
|
|
|a Bibliography note: Includes bibliographical references (pages 181-188) and indexes.
|
| 505 |
|
|
|a Contents: The art of teaching English -- "Operational" lesson planning -- "Metre" reading : assessment in English -- English teachers' professional development -- Literature and literacy at key stage 3 -- Teaching GCSE English and English literature -- Teaching English 16-18 : advanced level -- Making meaning : the media, ICT, and drama -- Differentiation and the individual : gender, ethnicity, and special needs -- Firing the canon -- Popularizing poetry -- Spiritual and moral development through English.
|
| 526 |
|
|
|a BIED
|
| 541 |
|
|
|a Complimentary copy from BIED
|e 35704
|
| 650 |
|
0 |
|a English language
|x Study and teaching (Secondary)
|z Great Britain.
|9 35084
|
| 650 |
|
0 |
|a English literature
|x Study and teaching (Secondary)
|z Great Britain.
|9 35085
|
| 852 |
|
|
|a Ayesha Abed Library
|c BIED Collection
|
| 942 |
|
|
|2 ddc
|c BK
|
| 952 |
|
|
|0 0
|1 0
|2 ddc
|4 0
|6 428_007120000000000_PIK
|7 0
|9 66463
|a BRACUL
|b BRACUL
|c GEN
|d 2019-09-23
|e Complimentary copy from BIED
|l 0
|o 428.00712 PIK
|p 3010035704
|r 2019-09-23
|t 1
|w 2019-09-23
|y BK
|x Transferred from BIED to General Stacks
|